000 01787nam a2200241Ia 4500
008 260220t1974||||xx |||||||||||||| ||spa||
040 _aPY-SlUNAC
_bspa
_erda
041 _aspa
082 _a290
_bB268e
100 _aBarbariga, Rocco
_eAutor
245 0 _aEducación y confesión /
_cpor Rocco Barbariga [Autor]
264 _aMadrid :
_bOriens,
_c℗1974.
300 _a1 volumen
520 _aEn "Educación y confesión", Rocco Barbariga explora la intersección entre la educación y la religión, analizando cómo las confesiones religiosas influyen en los procesos educativos y en la formación del individuo. El autor argumenta que la educación no solo debe centrarse en la transmisión de conocimientos, sino que también debe considerar la dimensión espiritual y moral de los estudiantes. A través de un enfoque crítico, Barbariga examina diferentes modelos educativos y su relación con las creencias religiosas, proponiendo que la educación integral debe incluir la reflexión sobre la identidad y la fe. Además, el libro aborda el papel de las instituciones religiosas en la educación, así como la influencia de la confesión en la construcción de valores y comportamientos en la sociedad. Barbariga invita a repensar los métodos educativos contemporáneos, promoviendo un diálogo entre la educación secular y la religión para fomentar un desarrollo humano más completo y equilibrado. Su obra es un llamado a la integración de las dimensiones espiritual y académica en los entornos educativos.
653 _aConfesiones religiosas
653 _aEducación
653 _aReligión
942 _b2026/02/17
_cBK
999 _c6878
_d6878